000 01577nam a2200337 a 4500
100 1 _aАрнаудов, Михаил Петров
_933558
999 _c123804
_d123804
003 BLK
005 20240313005505.0
008 180409b bul|||||r ||||||| ||bul||
010 _aKNG00129467000
040 _aBLK
041 _aBUL
_cBUL
080 _aЛитература на отделни езици и езикови семейства
_b821
_x.09
_z821.09
139 _aАрнаудов, Михаил Петров
_bА 87
245 1 0 _aТворчество и критика
_bЛит. портрети и характеристика
_cМихаил Арнаудов.
257 _aBGR
260 _bХемус
_c1938
_fСофия : Придворна печ.
_aСофия
300 _a296 с.
_c21 см
380 _a82
490 _9396381
_aЧастна колекция - Академик Михаил Арнаудов
_gДарение - Основен фонд
500 _a1 550 тир. - Фонд Михаил Арнаудов - Екз. с инв. № 319849 е с твърда подв. ; Бележки по полетата
650 4 _aЛитература - история и критика
_9272926
653 _aлитературна критика
852 _aМА 94
_bМА
852 _aЦб 40959
_bО
856 4 _qpdf
856 4 _qpdf
942 _cKNG
_n0
_s1
944 _aCR
_c03.04.2012
_lCRON CRON
_k
944 _aED
_c14.10.2016
_l03.04.2012 - от С1,Р / 03.04.2012
_kГеновева_Генчева